Online Catalogue and eLibrary

Janasanniwedanaye ath potha (Record no. 651)

MARC details
000 -LEADER
fixed length control field 00408nam a2200157Ia 4500
005 - DATE AND TIME OF LATEST TRANSACTION
control field 20250509035513.0
008 - FIXED-LENGTH DATA ELEMENTS--GENERAL INFORMATION
fixed length control field 240331s9999 xx 000 0 und d
020 ## - INTERNATIONAL STANDARD BOOK NUMBER
ISBN 9559183001
082 ## - DDC Classification
Class No. 070
Item Number - Author Mark ATT
100 ## - MAIN ENTRY--PERSONAL NAME
Personal name Attanayake, B
245 #0 - TITLE STATEMENT
Title Janasanniwedanaye ath potha
260 ## - PUBLICATION, DISTRIBUTION, ETC.
Place of publication, distribution, etc. Minuwangoda
Name of publisher, distributor, etc. Sanniwedana Athiyana Gendiraiya
Date of publication, distribution, etc. 1992
300 ## - PHYSICAL DESCRIPTION
Extent (e.g. Volumes, Pages etc.) viii, 76 p .,
500 ## - GENERAL NOTE
General note A book on media
942 ## - Koha item type (Biblio)
Koha item type Books in Stacks (Lending)
Holdings
Lost status Damaged status Collection code Home library Current library Shelving location Date acquired Full call number Accession Number Item type
    Lending WERC Library WERC Library Social Science Cupboard 03/31/2024 070 ATT 911 Books in Stacks (Lending)

© WERC Library